000 00610nam a22001937a 4500
005 20251108172857.0
008 250721s2004 xx 000 0 ara d
082 1 4 _a210.4213343/مغا
100 1 _aمغايري، مازن
245 1 0 _aعلاج الامراض بالقرآن و السنة البدنية و النفسية و علاج السحر و العين /
264 1 _aحلب :
_bدار الرضوان،
_c2004.
300 _a144 ص
650 1 7 _aالإسلام
650 1 7 _aالسحر
650 1 7 _aالقرآن الكريم
650 1 7 _aالعلاج
942 _2ddc
_cBK
999 _c90691
_d90691